|
|
|
|
| LEADER |
00668nab a2200181 i 4500 |
| 001 |
misc7460 |
| 005 |
20191106144209.0 |
| 008 |
170607s1898 hu o 0|| hun d |
| 022 |
|
|
|a 0025-0260
|
| 040 |
|
|
|a SZTE Miscellanea Repozitórium
|b hun
|
| 041 |
|
|
|a hun
|
| 100 |
1 |
|
|a Acsay Antal
|
| 245 |
1 |
2 |
|a A XIV. és XV. század iskolái II.
|h [elektronikus dokumentum] /
|c Acsay Antal
|
| 260 |
|
|
|c 1898
|
| 300 |
|
|
|a 597-608
|
| 490 |
0 |
|
|a Magyar pedagógia : a Magyar Tudományos Akadémia Pedagógiai Bizottságának folyóirata
|v 7
|
| 695 |
|
|
|a Neveléstörténet 14-15. sz., Iskolatörténet
|
| 856 |
4 |
0 |
|u http://misc.bibl.u-szeged.hu/7460/1/mp_1898_0572_597-608.pdf
|z Dokumentum-elérés
|